[Event "2nd Indonesia Open Chess Ch. 2012"]
[Site "Grand Sahid Jaya Hotel, Jakart"]
[Date "2012.10.13"]
[Round "5.29"]
[White "Gunawan, Johan"]
[Black "Pascua, Haridas"]
[Result "0-1"]
[WhiteElo "2276"]
[BlackElo "2350"]
[PlyCount "100"]
[EventDate "2012.10.11"]

1. d4 Nf6 2. Nf3 g6 3. Bf4 Bg7 4. c3 d6 5. h3 O-O 6. Nbd2 Nbd7 7. e3 Re8 8. Bc4
e5 9. dxe5 dxe5 10. Bh2 Qe7 11. O-O a6 12. a4 h6 13. Qc2 e4 14. Nd4 c5 15. Ne2
Ne5 16. Ba2 Bd7 17. Rad1 b5 18. Nb3 Rac8 19. Na5 Bf5 20. Bxe5 Qxe5 21. Nf4 c4
22. Nb7 g5 23. Ne2 Bf8 24. Nd4 Bg6 25. Na5 h5 26. Nac6 Qc7 27. Nb4 Qb7 28. axb5
axb5 29. Ne2 h4 30. Rd2 Bxb4 31. cxb4 Nd5 32. Bb1 Nxb4 33. Qc3 Nd3 34. Qf6 Qe7
35. Qa6 Qb4 36. Rc2 Ra8 37. Qb6 Qc5 38. Qf6 Re6 39. Qc3 Qb4 40. Nd4 Rb6 41. b3
Qxc3 42. Rxc3 Ra3 43. Rd1 Kg7 44. Kf1 b4 45. Rxc4 Nb2 46. Rdc1 Nxc4 47. Rxc4
Ra1 48. Rc1 Rd6 49. Nc2 Rc6 50. Re1 Rxb1 0-1

[Event "2nd Indonesia Open Chess Ch. 2012"]
[Site "Grand Sahid Jaya Hotel, Jakart"]
[Date "2012.10.13"]
[Round "5.30"]
[White "Marentek, Hanny"]
[Black "Novita, Anjas"]
[Result "0-1"]
[WhiteElo "2232"]
[BlackElo "2339"]
[PlyCount "138"]
[EventDate "2012.10.11"]

1. d4 Nf6 2. c4 e6 3. Nc3 Bb4 4. Qc2 O-O 5. a3 Bxc3+ 6. Qxc3 b6 7. Bg5 Bb7 8.
f3 d6 9. e3 Nbd7 10. Bd3 Rc8 11. Ne2 c5 12. Qd2 h6 13. Bh4 d5 14. Rc1 cxd4 15.
exd4 dxc4 16. Rxc4 Rxc4 17. Bxc4 Ne4 18. Bxd8 Nxd2 19. Kxd2 Rxd8 20. Rc1 e5 21.
Ke3 exd4+ 22. Nxd4 Ne5 23. Be2 Re8 24. Bb5 Ng4+ 25. Kd3 Ne5+ 26. Ke3 Ng4+ 27.
Kd3 Ne5+ 28. Kd2 Rd8 29. Ke3 a6 30. Be2 Rd7 31. f4 Ng6 32. g3 Ne7 33. Bg4 Rd8
34. Bf3 Rxd4 35. Bxb7 Nf5+ 36. Ke2 a5 37. Rc8+ Kh7 38. Ba6 Nd6 39. Rb8 Nc4 40.
Bxc4 Rxc4 41. Rxb6 Rc2+ 42. Kf3 Rxh2 43. b3 Rc2 44. a4 h5 45. Rb5 Kh6 46. Rxa5
Rc3+ 47. Kg2 Rxb3 48. Rb5 Ra3 49. a5 g6 50. f5 Ra2+ 51. Kf3 Ra3+ 52. Kf2 Ra2+
53. Kf3 g5 54. Rb6+ Kg7 55. a6 g4+ 56. Kf4 f6 57. Rb7+ Kh6 58. a7 Ra4+ 59. Ke3
Kg5 60. Kd3 Kxf5 61. Kc3 Kg5 62. Kb3 Ra1 63. Kb4 f5 64. Rh7 Kg6 65. Rb7 h4 66.
gxh4 g3 67. h5+ Kxh5 68. Rg7 f4 69. Kc4 Kh6 0-1

[Event "2nd Indonesia Open Chess Ch. 2012"]
[Site "Grand Sahid Jaya Hotel, Jakart"]
[Date "2012.10.13"]
[Round "5.31"]
[White "Azarya, Jodi Setyaki"]
[Black "Medina, Warda Aulia"]
[Result "1-0"]
[WhiteElo "2005"]
[BlackElo "2311"]
[PlyCount "83"]
[EventDate "2012.10.11"]

1. e4 e6 2. d4 d5 3. Nc3 Bb4 4. e5 c5 5. Qg4 g6 6. dxc5 Bxc3+ 7. bxc3 Qc7 8.
Nf3 Nc6 9. Bb5 Bd7 10. Bxc6 Qxc6 11. Be3 Qa6 12. Qf4 h6 13. h4 Rh7 14. Qb4 Ne7
15. Nd4 Nc6 16. Nxc6 Bxc6 17. Bd4 O-O-O 18. Kd2 h5 19. Rh3 Rd7 20. Rf3 Qa4 21.
Rf6 Kc7 22. Qb3 Kc8 23. Re1 Kc7 24. f3 Kc8 25. Rh1 Kc7 26. g4 Kc8 27. Rh2 Qa6
28. Rh1 Bb5 29. Qb4 Bf1 30. Rh2 Bb5 31. gxh5 gxh5 32. Rg2 Rd8 33. f4 Bf1 34.
Rf2 Bh3 35. f5 Qxa2 36. c6 bxc6 37. Qe7 Rdh8 38. Rxf7 Rxf7 39. Qxf7 Bxf5 40.
Rxf5 exf5 41. e6 Qc4 42. Be5 1-0

[Event "2nd Indonesia Open Chess Ch. 2012"]
[Site "Grand Sahid Jaya Hotel, Jakart"]
[Date "2012.10.13"]
[Round "5.32"]
[White "Torre, Eugenio"]
[Black "Supriyono, Eko"]
[Result "1/2-1/2"]
[WhiteElo "2500"]
[BlackElo "2253"]
[PlyCount "60"]
[EventDate "2012.10.11"]

1. d4 d5 2. Nf3 c6 3. Bf4 Nf6 4. e3 Bg4 5. c4 Nbd7 6. Nc3 e6 7. Qb3 Bxf3 8.
gxf3 Qb6 9. c5 Qxb3 10. axb3 a6 11. b4 Rc8 12. Bg3 Nh5 13. f4 Nxg3 14. hxg3 g6
15. Bd3 Bg7 16. g4 Nf6 17. g5 Ng8 18. Ke2 h5 19. gxh6 Rxh6 20. Rxh6 Nxh6 21.
Nb1 Kd7 22. Nd2 Nf5 23. Nf3 Rh8 24. Ng5 Ke7 25. Nf3 Bf6 26. Rg1 Kd7 27. Bxf5
exf5 28. Ra1 Rh3 29. Rg1 Rh8 30. Ra1 Rh3 1/2-1/2

[Event "2nd Indonesia Open Chess Ch. 2012"]
[Site "Grand Sahid Jaya Hotel, Jakart"]
[Date "2012.10.13"]
[Round "5.34"]
[White "Lioe, Dede"]
[Black "Bersamina, Paulo"]
[Result "1-0"]
[WhiteElo "2387"]
[BlackElo "2205"]
[PlyCount "130"]
[EventDate "2012.10.11"]

1. c4 g6 2. Nc3 Bg7 3. g3 d6 4. Bg2 Nf6 5. Nf3 O-O 6. O-O c6 7. d4 Qa5 8. h3
Be6 9. Qd3 Qa6 10. b3 d5 11. Ne5 Nbd7 12. cxd5 Qxd3 13. exd3 cxd5 14. Ba3 Rfc8
15. Rac1 Kf8 16. Nxd7+ Bxd7 17. Nxd5 Nxd5 18. Bxd5 Rab8 19. Rfe1 Bf6 20. Bg2
Rxc1 21. Rxc1 Bxd4 22. Rc4 Bb6 23. Rh4 Rc8 24. Bxb7 Rc2 25. d4 Bf5 26. Rf4 Bxh3
27. Bd5 f5 28. Rh4 Bg4 29. Rxh7 Rc7 30. Rh8+ Kg7 31. Re8 Bxd4 32. Rxe7+ Rxe7
33. Bxe7 Be2 34. Kg2 Bb6 35. b4 a5 36. a4 Bd1 37. Bc6 Bc7 38. Be8 f4 39. gxf4
axb4 40. Bxb4 Bb3 41. Bd2 Kf6 42. Bb5 Bd5+ 43. f3 Ke7 44. a5 Kd6 45. Be8 Bc4
46. Bxg6 Ke6 47. Be4 Ba6 48. f5+ Ke5 49. Bc3+ Kf4 50. f6 Bd6 51. Bd5 Kf5 52. f7
Bf8 53. Bd4 Kf4 54. Kf2 Kf5 55. Bb3 Kf4 56. Bd5 Kf5 57. Be4+ Kf4 58. Kg2 Kg5
59. Be5 Kh4 60. Bf6+ Kh5 61. Kg3 Bd6+ 62. f4 Bf8 63. Bd4 Kh6 64. Kf3 Kh5 65.
Ke3 Kg4 1-0

[Event "2nd Indonesia Open Chess Ch. 2012"]
[Site "Grand Sahid Jaya Hotel, Jakart"]
[Date "2012.10.13"]
[Round "5.35"]
[White "Pamungkas, Junaid"]
[Black "Pitra, Andika"]
[Result "1-0"]
[WhiteElo "2221"]
[BlackElo "2340"]
[PlyCount "89"]
[EventDate "2012.10.11"]

1. e4 d6 2. d4 Nf6 3. Nc3 g6 4. f3 Bg7 5. Be3 c6 6. Qd2 O-O 7. O-O-O b5 8. g4
Qa5 9. Kb1 Be6 10. Nd5 Qxd2 11. Nxf6+ Bxf6 12. Rxd2 Bc4 13. Ne2 Nd7 14. h4 c5
15. f4 cxd4 16. Nxd4 Bxf1 17. Rxf1 Rfc8 18. Nf3 Nc5 19. e5 dxe5 20. fxe5 Bg7
21. Rd5 Ne6 22. Rxb5 Rc4 23. Rb7 Rxg4 24. Rxe7 a5 25. a3 Rb8 26. Ra7 a4 27. Bc1
h6 28. Rxf7 Kxf7 29. Nh2+ Rf4 30. Bxf4 Nxf4 31. Rxf4+ Ke6 32. Nf3 Rf8 33. Rxf8
Bxf8 34. Kc1 Be7 35. Kd2 g5 36. hxg5 hxg5 37. Kd3 g4 38. Nd4+ Kd5 39. Nf5 Bg5
40. Ne3+ Kxe5 41. Nxg4+ Kd5 42. Ne3+ Kc5 43. Nd1 Kb5 44. c4+ Ka5 45. Kd4 1-0

[Event "2nd Indonesia Open Chess Ch. 2012"]
[Site "Grand Sahid Jaya Hotel, Jakart"]
[Date "2012.10.13"]
[Round "5.36"]
[White "Fahmi, Jauhari"]
[Black "Hamdani, Rudin"]
[Result "0-1"]
[WhiteElo "2184"]
[BlackElo "2328"]
[PlyCount "48"]
[EventDate "2012.10.11"]

1. d4 d6 2. e4 g6 3. Nc3 Bg7 4. Be3 c6 5. Qd2 Nd7 6. h4 h5 7. O-O-O b5 8. Kb1
Qa5 9. f4 b4 10. Nce2 Ngf6 11. Ng3 Ng4 12. Nf3 Ba6 13. f5 Nb6 14. fxg6 fxg6 15.
Bg5 Na4 16. Bxa6 Nc3+ 17. bxc3 bxc3 18. Qf4 Rb8+ 19. Ka1 Qxa6 20. Qc1 Rb2 21.
Qxb2 cxb2+ 22. Kxb2 O-O 23. Rd3 c5 24. Ra3 Qc4 0-1

[Event "2nd Indonesia Open Chess Ch. 2012"]
[Site "Grand Sahid Jaya Hotel, Jakart"]
[Date "2012.10.13"]
[Round "5.37"]
[White "Farid, Firman Syah"]
[Black "Aris, T.L.S."]
[Result "1-0"]
[WhiteElo "2326"]
[BlackElo "2238"]
[PlyCount "95"]
[EventDate "2012.10.11"]

1. d4 Nf6 2. Nf3 e6 3. c4 b6 4. g3 Bb7 5. Bg2 d6 6. O-O Nbd7 7. Nc3 Ne4 8. Nxe4
Bxe4 9. d5 exd5 10. cxd5 Be7 11. Qd4 Nf6 12. Bg5 Bxf3 13. Bxf3 O-O 14. Rac1 a5
15. Rc2 Ra7 16. Bd2 Nd7 17. Qa4 Nc5 18. Qb5 Qe8 19. Qxe8 Rxe8 20. Rb1 Bf6 21.
b3 g6 22. e3 Kg7 23. a3 Bd8 24. b4 axb4 25. axb4 Nd7 26. Kg2 Ne5 27. Be2 f5 28.
Bb5 Rf8 29. Bc3 Bf6 30. Rbc1 Rf7 31. h3 Re7 32. Bd2 h5 33. Be2 Kf8 34. f4 Nf7
35. g4 fxg4 36. hxg4 hxg4 37. Bxg4 Nh6 38. Be6 Nf5 39. Rh1 Kg7 40. Kf2 Ra8 41.
Rg1 Kh7 42. Bc1 c5 43. Kf3 Nh4+ 44. Kg4 cxb4 45. Bb2 Bxb2 46. Rxb2 Nf5 47. Rh2+
Kg7 48. Bxf5 1-0

[Event "2nd Indonesia Open Chess Ch. 2012"]
[Site "Grand Sahid Jaya Hotel, Jakart"]
[Date "2012.10.13"]
[Round "5.38"]
[White "Eshbaev, Avazbek"]
[Black "Laksana, Agusta"]
[Result "1-0"]
[WhiteElo "2156"]
[BlackElo "2305"]
[PlyCount "113"]
[EventDate "2012.10.11"]

1. c4 e5 2. g3 Nf6 3. Bg2 d5 4. cxd5 Nxd5 5. Nc3 Nb6 6. Nf3 Nc6 7. O-O Be7 8.
Rb1 a5 9. d3 Be6 10. Be3 O-O 11. d4 exd4 12. Nxd4 Nxd4 13. Qxd4 Qxd4 14. Bxd4
Nc4 15. Rfd1 c5 16. Nd5 Bxd5 17. Bxd5 Nb6 18. Be3 Nxd5 19. Rxd5 Rfd8 20. Rbd1
b6 21. a4 f6 22. Rxd8+ Rxd8 23. Rxd8+ Bxd8 24. Kf1 Kf7 25. Ke1 Ke6 26. Kd2 Kd5
27. Kc3 Bc7 28. Bf4 Bd8 29. b3 g5 30. Bc1 g4 31. Kd3 f5 32. Bh6 Bf6 33. f3 Bd4
34. fxg4 fxg4 35. e3 Bb2 36. Bg5 h5 37. Bd8 Kc6 38. Ke4 Bc1 39. Kf4 Bd2 40. Kg5
Bxe3+ 41. Kxh5 Bg1 42. Kxg4 Bxh2 43. Kh3 Bg1 44. g4 Be3 45. Kg3 Bd2 46. Kf3 b5
47. Ke2 Bb4 48. g5 c4 49. bxc4 bxc4 50. g6 Bc3 51. Bxa5 Bg7 52. Kd2 Kd5 53. Bc3
Bh6+ 54. Ke2 Ke4 55. a5 Kd5 56. Kf3 Kc5 57. Ke4 1-0

[Event "2nd Indonesia Open Chess Ch. 2012"]
[Site "Grand Sahid Jaya Hotel, Jakart"]
[Date "2012.10.13"]
[Round "5.39"]
[White "Jafar, Sofyan"]
[Black "Margana, Adhy"]
[Result "1-0"]
[WhiteElo "2286"]
[BlackElo "2221"]
[PlyCount "116"]
[EventDate "2012.10.11"]

1. d4 Nf6 2. g3 e6 3. Bg2 Be7 4. Nf3 O-O 5. c4 d5 6. O-O c5 7. cxd5 exd5 8. Nc3
Nc6 9. b3 Ne4 10. Nxe4 dxe4 11. Ne5 Nxd4 12. e3 Nb5 13. Qc2 Qc7 14. Bb2 Nd6 15.
Rfc1 f6 16. Nc4 Bf5 17. Nxd6 Bxd6 18. Bxe4 Bxe4 19. Qxe4 Qf7 20. Rc2 Rfe8 21.
Qg4 Qe6 22. Qxe6+ Rxe6 23. Rd1 Bf8 24. Rd7 Re7 25. Rd5 b6 26. Kg2 Kf7 27. Kf3
Ree8 28. Rcd2 Be7 29. g4 Rac8 30. Rd7 Rcd8 31. Rxd8 Rxd8 32. Rxd8 Bxd8 33. Ke4
Ke6 34. f4 b5 35. Bc3 g6 36. f5+ gxf5+ 37. gxf5+ Kd6 38. h3 a6 39. Kf3 a5 40.
Ke4 Kc6 41. Kd3 Kd5 42. e4+ Kc6 43. Ke2 Kd6 44. Kf3 b4 45. Bb2 c4 46. Bd4 c3
47. Ke2 Kc6 48. Kd1 Be7 49. Kc2 Kb5 50. Kd3 Bd8 51. e5 Be7 52. exf6 Bf8 53. Be5
Kc5 54. Bc7 Kc6 55. Bxa5 Kd7 56. a3 bxa3 57. Bxc3 a2 58. Kc4 Bh6 1-0

[Event "2nd Indonesia Open Chess Ch. 2012"]
[Site "Grand Sahid Jaya Hotel, Jakart"]
[Date "2012.10.13"]
[Round "5.41"]
[White "Suyud, Hartoyo"]
[Black "Sinurat, Tumpak"]
[Result "1/2-1/2"]
[WhiteElo "2178"]
[BlackElo "2258"]
[PlyCount "108"]
[EventDate "2012.10.11"]

1. d4 d5 2. Nf3 Nf6 3. Bg5 Ne4 4. Bf4 e6 5. Nbd2 c5 6. e3 Nc6 7. c3 Nxd2 8.
Qxd2 Bd6 9. Bd3 O-O 10. O-O Re8 11. Rad1 Bf8 12. Bb1 cxd4 13. exd4 g6 14. Rfe1
b5 15. h4 b4 16. h5 a5 17. Bh6 Bd6 18. hxg6 fxg6 19. c4 Bd7 20. c5 Be7 21. Qf4
Bf6 22. Qg3 Kh8 23. Bg5 Bxg5 24. Nxg5 Qf6 25. Nf3 Rf8 26. Ne5 Nxe5 27. Qxe5
Qxe5 28. Rxe5 Rf6 29. g3 Kg7 30. Bd3 a4 31. f4 a3 32. b3 h5 33. Kf2 h4 34. Rh1
Rh8 35. Kf3 hxg3 36. Rxh8 Kxh8 37. Rg5 Kg7 38. Rxg3 Bc6 39. Kg4 Rf8 40. Rh3 e5
41. dxe5 Bd7+ 42. f5 Bxf5+ 43. Bxf5 Rxf5 44. Re3 Rf2 45. e6 Kf8 46. Kg5 Rc2 47.
Kxg6 Rxc5 48. Kf6 Rc3 49. Re2 d4 50. Rh2 Rc6 51. Ke5 d3 52. Kd4 Rd6+ 53. Ke3
Ke7 54. Rd2 Kxe6 1/2-1/2

[Event "2nd Indonesia Open Chess Ch. 2012"]
[Site "Grand Sahid Jaya Hotel, Jakart"]
[Date "2012.10.13"]
[Round "5.42"]
[White "Gordon, Stephen J"]
[Black "Jamaludin"]
[Result "1/2-1/2"]
[WhiteElo "2556"]
[BlackElo "2174"]
[PlyCount "89"]
[EventDate "2012.10.11"]

1. d4 Nf6 2. c4 g6 3. Nc3 Bg7 4. e4 d6 5. f3 O-O 6. Be3 e5 7. Nge2 Nc6 8. d5
Ne7 9. Qd2 Ne8 10. g4 f5 11. g5 c5 12. h4 f4 13. Bg1 h5 14. Nc1 Nc7 15. Nd3 b6
16. Bh3 Bxh3 17. Rxh3 a6 18. b4 Qd7 19. Rh1 cxb4 20. Nxb4 Rfb8 21. Ke2 a5 22.
Nc2 b5 23. cxb5 Nxb5 24. Rd1 Nxc3+ 25. Qxc3 Rc8 26. Qd3 Qa4 27. Rd2 Qxa2 28.
Bf2 Rab8 29. Ra1 Qb2 30. Ra3 Qc1 31. Rxa5 Rb1 32. Ne1 Rc3 33. Rd1 Rb2+ 34. Kf1
Rxf2+ 35. Kxf2 Qb2+ 36. Kf1 Rxd3 37. Nxd3 Qb3 38. Nf2 Nf5 39. exf5 gxf5 40. Rc1
e4 41. Ra8+ Kh7 42. Ra7 Kg6 43. Rcc7 Bd4 44. Ra8 Qxd5 45. Rf8 {
Unreadable notation. Game ended in 55 moves.} 1/2-1/2

[Event "2nd Indonesia Open Chess Ch. 2012"]
[Site "Grand Sahid Jaya Hotel, Jakart"]
[Date "2012.10.13"]
[Round "5.43"]
[White "Prayitno, Sugeng"]
[Black "Purba, Cornelis"]
[Result "1-0"]
[WhiteElo "2351"]
[BlackElo "2203"]
[PlyCount "107"]
[EventDate "2012.10.11"]

1. Nf3 c5 2. g3 Nc6 3. d4 d5 4. Bg2 Nf6 5. O-O e6 6. c4 dxc4 7. Qa4 Bd7 8. dxc5
Na5 9. Qc2 Bxc5 10. Ne5 Rc8 11. Nc3 a6 12. Bf4 b5 13. Rad1 Qb6 14. Bg5 Rd8 15.
Qd2 Qc7 16. Qf4 Be7 17. Ne4 Bc8 18. Nxf6+ gxf6 19. Bxf6 Bxf6 20. Qxf6 Rf8 21.
Bf3 Qe7 22. Qh6 Bb7 23. Bh5 Rd5 24. Qg7 b4 25. e4 Rxe5 26. Qxe5 Nc6 27. Qg7 Qc5
28. Bg4 Ne5 29. Rd5 exd5 30. Qxe5+ Kd8 31. Qb8+ Bc8 32. Rd1 d4 33. Bxc8 Ke7 34.
Qb7+ Kf6 35. Qxa6+ Kg7 36. Bf5 Rd8 37. b3 c3 38. Qd3 Qa5 39. Qc2 h5 40. h4 Qc5
41. Qd3 Qa5 42. Qe2 d3 43. Rxd3 Rxd3 44. Qxd3 Qxa2 45. e5 Qxb3 46. Kg2 Qa2 47.
Qd6 Qa8+ 48. Kh2 Qf3 49. Qf6+ Kf8 50. Bc2 Qd5 51. Qb6 Qc4 52. Qh6+ Kg8 53. Bh7+
Kh8 54. Bd3+ 1-0

[Event "2nd Indonesia Open Chess Ch. 2012"]
[Site "Grand Sahid Jaya Hotel, Jakart"]
[Date "2012.10.13"]
[Round "5.45"]
[White "Sonjaya, Deni"]
[Black "Masruri, Rahman"]
[Result "1-0"]
[WhiteElo "2284"]
[BlackElo "2136"]
[PlyCount "53"]
[EventDate "2012.10.11"]

1. e4 e6 2. d4 d5 3. Nc3 Bb4 4. e5 c5 5. a3 Bxc3+ 6. bxc3 Qc7 7. Nf3 b6 8. a4
Ba6 9. Bb5+ Bxb5 10. axb5 Ne7 11. O-O O-O 12. Qd3 h6 13. Bd2 c4 14. Qe3 Ng6 15.
h4 f5 16. exf6 Rxf6 17. g3 a5 18. bxa6 Rxa6 19. Rxa6 Nxa6 20. h5 Ne7 21. Ne5
Rf5 22. Qe2 Nc6 23. Bf4 Nxe5 24. Bxe5 Qb7 25. Ra1 Qc8 26. Qg4 Rf7 27. Qg6 1-0

[Event "2nd Indonesia Open Chess Ch. 2012"]
[Site "Grand Sahid Jaya Hotel, Jakart"]
[Date "2012.10.13"]
[Round "5.46"]
[White "Sutarno"]
[Black "Hukom, David"]
[Result "1-0"]
[WhiteElo "2252"]
[BlackElo "2100"]
[PlyCount "51"]
[EventDate "2012.10.11"]

1. d4 c5 2. d5 d6 3. Nc3 g6 4. e4 Bg7 5. h3 Nf6 6. Nf3 O-O 7. Be2 Na6 8. O-O
Nc7 9. a4 Na6 10. Bf4 Nb4 11. Qd2 a6 12. Rac1 Bd7 13. e5 Ne8 14. Ne4 Bf5 15.
Ng3 dxe5 16. Nxf5 gxf5 17. Bxe5 Qxd5 18. Qg5 f6 19. Qh4 Qc6 20. Bc4+ Kh8 21.
Bc3 Nd6 22. Bxb4 cxb4 23. Bb3 a5 24. Qh5 Rad8 25. Nh4 h6 26. Ng6+ 1-0

[Event "2nd Indonesia Open Chess Ch. 2012"]
[Site "Grand Sahid Jaya Hotel, Jakart"]
[Date "2012.10.13"]
[Round "5.48"]
[White "Panggabean, Hasian"]
[Black "Aay, Aisyah Anisa"]
[Result "1-0"]
[WhiteElo "2204"]
[BlackElo "1839"]
[PlyCount "89"]
[EventDate "2012.10.11"]

1. d4 d5 2. Nf3 Nf6 3. Bf4 e6 4. e3 Be7 5. h3 b6 6. Nbd2 Bb7 7. Bd3 Nbd7 8. c3
c5 9. Qb1 cxd4 10. cxd4 Rc8 11. O-O O-O 12. Ne5 h6 13. Qd1 Nxe5 14. Bxe5 Bd6
15. f4 Ne4 16. Nf3 f6 17. Bxd6 Qxd6 18. Qb3 Rc7 19. Rac1 Rfc8 20. Rxc7 Rxc7 21.
a3 Qd7 22. Rd1 Bc6 23. Rc1 Kf7 24. Qc2 Nd6 25. b3 Rc8 26. Qd1 Bb5 27. Bb1 Rxc1
28. Qxc1 Qc6 29. Qxc6 Bxc6 30. Kf2 a5 31. a4 b5 32. axb5 Bxb5 33. Bc2 Ke7 34.
g4 Bc6 35. h4 Ne4+ 36. Bxe4 dxe4 37. Nd2 Bd5 38. Ke1 Kd6 39. Kd1 g5 40. fxg5
fxg5 41. hxg5 hxg5 42. Kc2 e5 43. Kc3 Ba8 44. Nc4+ Ke6 45. dxe5 1-0

[Event "2nd Indonesia Open Chess Ch. 2012"]
[Site "Grand Sahid Jaya Hotel, Jakart"]
[Date "2012.10.13"]
[Round "5.49"]
[White "Suradiradja, Herman"]
[Black "Ali, Sadikin"]
[Result "1/2-1/2"]
[WhiteElo "2238"]
[BlackElo "2167"]
[PlyCount "58"]
[EventDate "2012.10.11"]

1. e4 d6 2. d4 Nf6 3. Nc3 g6 4. Nf3 Bg7 5. h3 O-O 6. Be3 c6 7. a4 Nbd7 8. a5 e5
9. dxe5 Nxe5 10. Nxe5 dxe5 11. Qxd8 Rxd8 12. Bc4 Be6 13. Bxe6 fxe6 14. Ke2 Kf7
15. Rhd1 a6 16. Bb6 Rd7 17. Rxd7+ Nxd7 18. Na4 Bf8 19. Rd1 Ke8 20. b3 Nxb6 21.
Nxb6 Rd8 22. Rxd8+ Kxd8 23. Nc4 Bb4 24. Kd3 Be1 25. Ke2 Bb4 26. Kd3 Be1 27. Ke2
Bb4 28. Kd3 Be1 29. Ke2 Bb4 1/2-1/2

[Event "2nd Indonesia Open Chess Ch. 2012"]
[Site "Grand Sahid Jaya Hotel, Jakart"]
[Date "2012.10.13"]
[Round "5.50"]
[White "Ferdiman, Tersiman"]
[Black "Hartono"]
[Result "0-1"]
[WhiteElo "2005"]
[BlackElo "2230"]
[PlyCount "46"]
[EventDate "2012.10.11"]

1. e4 c5 2. b4 cxb4 3. d4 d5 4. e5 Nc6 5. f4 Qb6 6. Be3 Nh6 7. Nf3 Bg4 8. Be2
Nf5 9. Bf2 Bxf3 10. Bxf3 e6 11. Nd2 Nfxd4 12. Nb3 Nxf3+ 13. Qxf3 Qc7 14. O-O
Be7 15. Kh1 O-O 16. Rae1 a5 17. Qh5 a4 18. Nd2 f6 19. Qg4 Qd7 20. Re3 fxe5 21.
fxe5 Bc5 22. Rd3 Bxf2 23. Ne4 Nxe5 0-1

[Event "2nd Indonesia Open Chess Ch. 2012"]
[Site "Grand SahidJaya Hotel, Jakarta"]
[Date "2012.10.15"]
[Round "6.1"]
[White "Yu, Yangyi"]
[Black "Ganguly, Surya Shekhar"]
[Result "1-0"]
[WhiteElo "2651"]
[BlackElo "2610"]
[PlyCount "29"]
[EventDate "2012.10.11"]

1. e4 e5 2. Nf3 Nc6 3. d4 exd4 4. Nxd4 Nf6 5. Nxc6 bxc6 6. e5 Qe7 7. Qe2 Nd5 8.
c4 Ba6 9. Nd2 g6 10. Ne4 Bg7 11. Bg5 Qb4+ 12. Qd2 Qxd2+ 13. Kxd2 h6 14. cxd5
Bxf1 15. Bf6 1-0

[Event "2nd Indonesia Open Chess Ch. 2012"]
[Site "Grand SahidJaya Hotel, Jakarta"]
[Date "2012.10.15"]
[Round "6.2"]
[White "Lu, Shanglei"]
[Black "Sokolov, Ivan"]
[Result "1-0"]
[WhiteElo "2526"]
[BlackElo "2690"]
[PlyCount "131"]
[EventDate "2012.10.11"]

1. e4 e5 2. Nc3 Nf6 3. g3 Bc5 4. Bg2 Nc6 5. d3 d6 6. h3 a6 7. Nge2 Be6 8. Nd5
Nd4 9. Nxd4 Bxd4 10. c3 Ba7 11. Nxf6+ Qxf6 12. Qe2 h5 13. h4 Bg4 14. f3 Be6 15.
Be3 Bxe3 16. Qxe3 Qg6 17. Qg5 Qh6 18. Bh3 Bxh3 19. Rxh3 Qe6 20. Rh2 f6 21. Qg6+
Kf8 22. g4 Rh6 23. Qf5 Qf7 24. g5 fxg5 25. hxg5 Rh8 26. Ke2 Ke7 27. f4 exf4 28.
Kf3 Raf8 29. Qxf7+ Kxf7 30. Kxf4 Kg6+ 31. Ke3 Rf7 32. Rg1 Rhf8 33. Rg3 Rf1 34.
Rgh3 Rh8 35. Rg2 d5 36. exd5 Rf5 37. Kd4 Rxg5 38. Re2 Rf8 39. Re6+ Rf6 40. Re7
Rg4+ 41. Ke5 Rg5+ 42. Kd4 Rg4+ 43. Ke5 c6 44. Rxb7 Rg5+ 45. Ke4 cxd5+ 46. Kd4
a5 47. b4 axb4 48. cxb4 Rf4+ 49. Kc5 h4 50. a4 Rg3 51. Rh2 Rxd3 52. a5 Ra3 53.
Rg2+ Rg3 54. Rh2 Ra3 55. Rg2+ Rg3 56. Ra2 h3 57. a6 Rg2 58. Ra4 h2 59. a7 Rg1
60. a8=Q h1=Q 61. Qa6+ Kh5 62. Qe2+ Kh4 63. Rxg7 Rc1+ 64. Kb5 Ra1 65. Qe7+ Kh3
66. Qe6+ 1-0

[Event "2nd Indonesia Open Chess Ch. 2012"]
[Site "Grand SahidJaya Hotel, Jakarta"]
[Date "2012.10.15"]
[Round "6.3"]
[White "Li, Chao B"]
[Black "Gagunashvili, Merab"]
[Result "1-0"]
[WhiteElo "2681"]
[BlackElo "2584"]
[PlyCount "137"]
[EventDate "2012.10.11"]

1. d4 Nf6 2. c4 e6 3. g3 Bb4+ 4. Bd2 Bxd2+ 5. Qxd2 d5 6. Bg2 Nbd7 7. Nf3 c6 8.
O-O O-O 9. Rc1 b6 10. Ne5 Bb7 11. cxd5 cxd5 12. Nc3 Qe7 13. Nb5 a6 14. Rc7 Rfb8
15. Qg5 h6 16. Qh4 Qb4 17. Nxd7 Nxd7 18. Rxd7 Qxb2 19. Nd6 Qxa1+ 20. Bf1 Bc6
21. Rc7 Bb5 22. Qh5 Qxd4 23. Qxf7+ Kh8 24. Qxe6 Be8 25. Bh3 Qf6 26. Qxf6 gxf6
27. Be6 Rd8 28. Nf5 h5 29. f4 b5 30. Nh6 Bg6 31. f5 Be8 32. Ng8 Rd7 33. Bxd7
Bxd7 34. Rxd7 Kxg8 35. Kf2 Re8 36. Rxd5 Re4 37. Kf3 Ra4 38. Rd2 Kf7 39. h3 Ke7
40. e3 a5 41. Rb2 b4 42. Rd2 Ra3 43. Ke4 Ra4 44. Kd5 Ra3 45. Kd4 Ra4 46. Kc4
Ra3 47. Kd4 Ra4 48. Kd5 Ra3 49. Re2 b3 50. axb3 Rxb3 51. Ke4 a4 52. Rc2 Rb7 53.
Ra2 Ra7 54. Ra3 Kd6 55. g4 hxg4 56. hxg4 Ra8 57. Kf4 Ra5 58. e4 Ra8 59. e5+
fxe5+ 60. Ke4 Ra5 61. g5 Ke7 62. f6+ Kf7 63. Rf3 Ra8 64. Kf5 a3 65. g6+ Kg8 66.
g7 Kf7 67. Rc3 a2 68. Rc7+ Kg8 69. Kg6 1-0

[Event "2nd Indonesia Open Chess Ch. 2012"]
[Site "Grand SahidJaya Hotel, Jakarta"]
[Date "2012.10.15"]
[Round "6.5"]
[White "Iordachescu, Viorel"]
[Black "Chatalbashev, Boris"]
[Result "1/2-1/2"]
[WhiteElo "2637"]
[BlackElo "2535"]
[PlyCount "80"]
[EventDate "2012.10.11"]

1. e4 c5 2. Nf3 Nc6 3. d4 cxd4 4. Nxd4 g6 5. Nc3 Bg7 6. Be3 Nf6 7. Bc4 O-O 8.
Bb3 d6 9. f3 Bd7 10. Qd2 Nxd4 11. Bxd4 b5 12. h4 a5 13. h5 a4 14. Bxf6 exf6 15.
Bd5 b4 16. Ne2 f5 17. hxg6 hxg6 18. exf5 Bxf5 19. Bxa8 Qxa8 20. Rd1 Re8 21.
Qxb4 Bxc2 22. Rd2 Bb1 23. a3 Qa7 24. Kd1 Ba2 25. Nc1 Be6 26. Qxd6 Qe3 27. Qd3
Qb6 28. Qd6 Bb3+ 29. Nxb3 Qxb3+ 30. Kc1 Qa2 31. Qc6 Qa1+ 32. Kc2 Qxb2+ 33. Kd1
Qb3+ 34. Qc2 Qxa3 35. Qa2 Qb4 36. Rd7 Re6 37. Rd8+ Bf8 38. Qd2 Qb3+ 39. Qc2 Qb6
40. Qd2 Qb3+ 1/2-1/2

[Event "2nd Indonesia Open Chess Ch. 2012"]
[Site "Grand SahidJaya Hotel, Jakarta"]
[Date "2012.10.15"]
[Round "6.6"]
[White "Nguyen, Duc Hoa"]
[Black "Tkachiev, Vladislav"]
[Result "0-1"]
[WhiteElo "2494"]
[BlackElo "2662"]
[PlyCount "70"]
[EventDate "2012.10.11"]

1. d4 d6 2. Nf3 g6 3. g3 Bg7 4. Bg2 c5 5. d5 b5 6. O-O Nf6 7. Re1 O-O 8. e4
Nbd7 9. h3 Re8 10. c4 bxc4 11. Na3 Nb6 12. Qc2 e6 13. dxe6 Bxe6 14. Bf4 d5 15.
Rad1 Qc8 16. Ng5 Nxe4 17. Nxe4 dxe4 18. Nb5 f5 19. Nc7 Bd4 20. Nxa8 Qxa8 21.
Be3 Rd8 22. f3 Bxe3+ 23. Rxe3 Rd3 24. Rexd3 exd3 25. Qc3 Bd5 26. Re1 Qd8 27.
Qa5 Bc6 28. Qxc5 d2 29. Rd1 Ba4 30. b3 cxb3 31. Bf1 bxa2 32. Bc4+ Kg7 33. Qe5+
Qf6 34. Qc7+ Nd7 35. Bxa2 Qd4+ 0-1

[Event "2nd Indonesia Open Chess Ch. 2012"]
[Site "Grand SahidJaya Hotel, Jakarta"]
[Date "2012.10.15"]
[Round "6.9"]
[White "Korneev, Oleg"]
[Black "Gomez, John Paul"]
[Result "1-0"]
[WhiteElo "2591"]
[BlackElo "2523"]
[PlyCount "59"]
[EventDate "2012.10.11"]

1. e4 c5 2. Nf3 Nc6 3. d4 cxd4 4. Nxd4 g6 5. Nc3 Bg7 6. Be3 Nf6 7. Bc4 O-O 8.
Bb3 a5 9. O-O a4 10. Nxa4 Nxe4 11. Nb5 d6 12. Qe2 Ra6 13. c4 Nf6 14. Rfd1 b6
15. h3 Nd7 16. Rac1 Bb7 17. Nac3 Nc5 18. Bc2 f5 19. f4 Na7 20. b4 Nd7 21. Bb3
Kh8 22. Nd5 Nxb5 23. cxb5 Ra3 24. Nc7 e5 25. Ne6 Qe7 26. Rc7 Rxb3 27. Nxf8 Rxe3
28. Qxe3 Qxf8 29. Rxd7 exf4 30. Qe7 1-0